| 000 | 00848nas a2200265 4500 | ||
|---|---|---|---|
| 001 | BR9000313 | ||
| 003 | BR-BrBNA | ||
| 005 | 20231205091801.0 | ||
| 007 | ta | ||
| 008 | 230509b bl.|||p| |||| 00| 00por d | ||
| 040 |
_aBR-BrBNA _bpor _cBiblioteca Nacional de Agricultura |
||
| 041 | _a(Pt) | ||
| 072 | _aH20; F62 | ||
| 100 | 1 | _aPrates, H.S. | |
| 100 | 1 | _aCastro, P.R.C. | |
| 100 | 1 | _aGuirado, N. | |
| 100 | 1 | _aMelotto, E. | |
| 100 | 1 | _aMuller, G.W. | |
| 245 | 1 | _aRemissao de sintomas iniciais do declinio de citros pela palicacao de reguladores vegetais | |
| 650 | _aDECLINIO DOS CITRUS | ||
| 650 | _aREGULADOR DE CRESCIMENTO | ||
| 773 | 0 |
_tAnais da Escola Superior de Agricultura Luiz de Queiroz (Brazil) _xISSN 0071-1276 _g(1988), v. 45(1) p. 229-240 _wBR9000313 |
|
| 909 |
_a202311 _bLúcia _c55 _dLúcia Elande |
||
| 942 |
_2AGRIS _n0 _cANA |
||
| 999 |
_c127307 _d127307 |
||